00559nam a2200157 a 450000100100000000500170001000800410002704000250006810000280009324500400012126000670016130000420022804900090027095201050027999900170038400003194420200930063312.0110707s1928 dr 000 0 spa d aDO-SdBNPbspacBNPHU1 aGiro, Valentín95811210aOda a Gindbergh /cValentín Giro. aSanta Cruz del Seibo, República Dominicana :b[s.n.],c1928. a1v. con varias paginaciones ;c22 cm. aBNPD 001050718RVaPDbPDcHDd2011-07-07iLF1l0o p31944-10r2020-06-25w2020-06-25y1ZNo se presta c31435d31435